Lékařská fysika. 1. [díl] /

Hlavní autor: Staněk, Jaroslav, 1917-1980
Jazyk: Čeština
Vydáno: Praha : Státní pedagogické nakladatelství, 1970
Vydání: 1. vyd.
Edice: Učební texty vysokých škol
Fyzický popis: 274 s. ; 8°
Knihy
Uloženo v:
LEADER 02029nam a22004212a 4500
001 001306377
003 CZ BrMZK
005 20130716150201.0
007 ta
008 130627m19709999xr er|||||||||||cze d
015 |a cnb000496329 
035 |a (OCoLC)42131780 
040 |a ABA001  |b cze  |c ULG001  |d ABA001  |d BOA001 
080 |a 53:61(075.8) 
100 1 |a Staněk, Jaroslav,  |d 1917-1980  |7 jk01120836  |4 aut 
245 1 0 |a Lékařská fysika.  |n 1. [díl] /  |c Jaroslav Staněk 
250 |a 1. vyd. 
260 |a Praha :  |b Státní pedagogické nakladatelství,  |c 1970 
300 |a 274 s. ;  |c 8° 
490 1 |a Učební texty vysokých škol 
500 |a 950 výt. 
504 |a Obsahuje bibliografii 
810 2 |a Univerzita J.E. Purkyně v Brně.  |b Lékařská fakulta.  |t Učební texty  |0 s 
910 |a BOA001  |b 2-0653.554 
990 |a BK 
991 |b 201306 
996 7 |b 2619663609  |c 2-0653.554  |d 1.  |v 1  |l HP2  |r DEN  |n 1  |w 001341116  |u 000010  |a 1  |e BOA001  |j MZK50  |s A 
996 7 |b 2619663610  |c 2-0653.554  |d 1.  |v 1  |l HP2  |r DEN  |n 0  |w 001341116  |u 000020  |a 1  |e BOA001  |j MZK50  |s A 
996 7 |b 2619663611  |c 2-0653.554  |d 1.  |v 1  |l HP2  |r DEN  |n 0  |w 001341116  |u 000030  |a 1  |e BOA001  |j MZK50  |s A 
996 7 |b 2619663612  |c 2-0653.554  |d 1.  |v 1  |l HP2  |r DEN  |n 0  |w 001341116  |u 000040  |a 1  |e BOA001  |j MZK50  |s A 
996 7 |b 2619663613  |c 2-0653.554  |d 1.  |v 1  |l HP2  |r DEN  |n 0  |w 001341116  |u 000050  |a 1  |e BOA001  |j MZK50  |s A 
996 7 |b 2619663614  |c 2-0653.554  |d 1.  |v 1  |l HP2  |r DEN  |n 0  |w 001341116  |u 000060  |a 1  |e BOA001  |j MZK50  |s A 
996 7 |b 2619663615  |c 2-0653.554  |d 1.  |v 1  |l HP2  |r DEN  |n 0  |w 001341116  |u 000070  |a 1  |e BOA001  |j MZK50  |s A 
996 7 |b 2619663616  |c 2-0653.554  |d 1.  |v 1  |l HP2  |r DEN  |n 0  |w 001341116  |u 000080  |a 1  |e BOA001  |j MZK50  |s A 
996 7 |b 2619663617  |c 2-0653.554  |d 1.  |v 1  |l HP2  |r DEN  |n 1  |w 001341116  |u 000090  |a 1  |e BOA001  |j MZK50  |s A 
996 7 |b 2619663618  |c 2-0653.554  |d 1.  |v 1  |l HP2  |r DEN  |n 0  |w 001341116  |u 000100  |a 1  |e BOA001  |j MZK50  |s A 
996 7 |b 2619663619  |c 2-0653.554  |d 1.  |v 1  |l HP2  |r DEN  |n 0  |w 001341116  |u 000110  |a 1  |e BOA001  |j MZK50  |s A 
996 6 |b 2619663620  |c 2-0653.554  |d 1.  |v 1  |l HP2  |r DEN  |n 0  |w 001341116  |u 000120  |a 1  |e BOA001  |j MZK50  |s P